000 00989nam a2200301 i 4500
003 DO-SdBNP
005 20251125131451.0
007 ta
008 140207s2012 dr er 001 e spa d
020 _a9789945469998
040 _aDO-SdBNP
_bspa
_cBNPHU
_erda
041 _aspa
082 4 _axxx
_bT693a
_222
100 1 _aTorres, Esteban,
_eautor
_4aut.
_977194
245 1 0 _aAntropología dramática /
_cEsteban Torres
264 4 _aSanto Domingo :
_bEditora Nacional,
_c©2012.
300 _a137 páginas ;
_c23 cm.
336 _atexto
_btxt
_2rdacontent
337 _asin mediación
_bn
_2rdamedia
338 _avolumen
_bnc
_2rdacarrier
500 _aIncluye datos biográficos del autor en la solapa de la cubierta
500 _aIncluye referencias bibliográficas y notas a pie de páginas
504 _aBibliografía : páginas 133-137
586 _aPremio Letras de Ultramar de Ensayo, 2011
590 _aInventariado, 2020 / YL
910 _aYlockward
942 _2ddc
_cLBS1
999 _c49103
_d49103